| 000 | 00853cam a2200253 a 4500 | ||
|---|---|---|---|
| 999 |
_c1801 _d1801 |
||
| 001 | (Sirsi) a796465 | ||
| 003 | OSt | ||
| 005 | 20230131085601.0 | ||
| 008 | 140110r20131988enka a 000 1 eng d | ||
| 020 | _a9781406341638 (pbk.) : | ||
| 040 |
_aTT _beng _dTAE _dKH8 _c. |
||
| 042 | _anbic | ||
| 082 | 0 | _a823.914 BRO | |
| 100 | 1 |
_aBrowne, Anthony, _d1946- _eauthor |
|
| 245 | 1 | 4 |
_aThe little bear book / _cAnthony Browne. |
| 260 |
_aLondon : _bWalker Books, _c2013. |
||
| 300 |
_a[22] p. : _bcol. ill. ; _c26 cm. |
||
| 500 | _aOriginally published: Hamish Hamilton Children's Books, 1988. | ||
| 520 | _aAs Bear walks in the forest, with pencil in hand, he meets several grumpy forest dwellers and knows just what to do for them. | ||
| 521 | 1 | _a3-6. | |
| 650 | 0 |
_aBears _vJuvenile fiction. |
|
| 650 | 0 |
_aDrawing _vJuvenile fiction. |
|
| 942 |
_2ddc _cNFIC |
||